000 00483nam a2200169Ia 4500
003 OSt
005 20200925094753.0
008 190216s9999||||xx |||||||||||||| ||und||
020 _a9788126506255
040 _coclc
082 _a620.5
_bBOO/N
100 _aBooker, Richard
_94257
245 0 _aNanotechnology /
_cRichard Booker ; Earl Boysen
260 _bWiley India,
_aNew Delhi:
_c2008.
300 _a361p
942 _cBK
_2ddc
_h620.5
_iBOO/N
_k620.5
_mBOO/N
999 _c34191
_d34191